000 00625nam a22002177a 4500
003 CBULib
005 20231116084945.0
008 231114b |||||||| |||| 00| 0 eng d
020 _a978076423494934
040 _aCBULib
_bEnglish
_cCBULib
_dCBULib
_erda
050 _aPS3604.E4225
100 _91032
_a/by Delamere, Jennifer
245 _aCrossed Lines
_cby Delamere, Jennifer
260 _aMineapolis:
_bBethany House,
_c2021
300 _a331pages.
336 _2rdacontent
_aText |
_btxt
337 _2rdamedia
_aUnmediated |
_bn
338 _2rdacarrier
_aVolume
_bnc
650 0 _91033
_aLOVE--LETTERS
942 _2mc
_c002
999 _c83543
_d83543